| 000 | 00452nam a2200181Ia 4500 | ||
|---|---|---|---|
| 005 | 20260429111910.0 | ||
| 008 | 260429s9999||||xx |||||||||||||| ||und|| | ||
| 020 | _a9789349281318 | ||
| 041 | _aEnglish | ||
| 082 |
_a305.42 _bKUM |
||
| 100 | _aKumar, Satendra | ||
| 245 | 0 |
_aDalit feminism / _cSatendra Kumar |
|
| 250 | _a1st ed. | ||
| 260 |
_aJaipur : _bYking Books, _c2025. |
||
| 300 | _av, 248 p.; hb | ||
| 650 | _aDalit feminism | ||
| 942 | _cTB | ||
| 999 |
_c51336 _d51336 |
||